| 000 | 00622nam a2200205Ia 4500 | ||
|---|---|---|---|
| 005 | 20250508164755.0 | ||
| 008 | 008 250505s9999 xx 000 0 hin d | ||
| 020 | _a81-7450-755-8 | ||
| 037 | _aReference | ||
| 040 |
_aFEDL _beng _cFEDL |
||
| 041 |
_ahin _2hin |
||
| 084 |
_a300, NCE/RR _qFEDL |
||
| 245 | 0 | _aSamajik vigyan : Hamare atit - 2 : Kaksha 7 ke liye itihas ki pathyaputak. | |
| 245 | 0 | _cNCERT | |
| 260 |
_aNew Delhi, India _bNational Council of Educational Research and Training _c2008 |
||
| 300 | _a154p. | ||
| 365 |
_aINR _b30 |
||
| 942 |
_cREF _h300, NCE/RR |
||
| 999 |
_c1391068 _d1391068 |
||